LEADER 00776oam 22002654a 450 001 996428246203316 005 20210723151224.0 010 $a9803230220 100 $a20001219d1992---- ua 0 101 0 $aspa 102 $aVE 105 $ay 0y 200 1 $a<>me?todo y el prono?stico en economi?a$fLuis Mata Mojellas 210 $aCaracas$cAcademia Nacional de Ciencias Económicas$d[1992] 215 $a163 p.$d19 cm 225 2 $aSerie Breves$v4 410 0$12001$aSerie Breves 676 $a330.0112 700 1$aMATA MOLLEJAS,$bLuis$0817641 801 0$bsalbc$aIT$gISBD$gISBD 912 $a996428246203316 951 $aVI.7.B. 1953$bISLA$cVI.7.$d543392 959 $aBK 996 $aMe?todo y el prono?stico en economi?a$91834658 997 $aUNISA LEADER 01780nam 2200433 n 450 001 996384145203316 005 20221108063303.0 035 $a(CKB)1000000000586828 035 $a(EEBO)2264208260 035 $a(UnM)99867196 035 $a(EXLCZ)991000000000586828 100 $a19940504d1658 uh | 101 0 $aeng 135 $aurbn||||a|bb| 200 12$aA declaration of His Highness, for a collection towards the relief of divers Protestant churches driven out of Poland; and of twenty Protestant families driven out of the confines of Bohemia$b[electronic resource] 210 $a[London $cPrinted by Henry Hills, and John Field, Printers to His Highness$d1658] 215 $a4 p 300 $aCaption title. 300 $aImprint from colophon. 300 $aWoodcut above caption; initial letter. 300 $aAnnotation on Thomason copy: "May 2. 1658". 300 $aReproductions of the original in the British Library. 330 $aeebo-0018 606 $aChurch charities$zEngland$vEarly works to 1800 606 $aWaldenses$vEarly works to 1800 606 $aProtestant churches$zPoland$vEarly works to 1800 607 $aPoland$xChurch history$y17th century$vEarly works to 1800 607 $aBohemia (Czech Republic)$xChurch history$y17th century$vEarly works to 1800 615 0$aChurch charities 615 0$aWaldenses 615 0$aProtestant churches 801 0$bCu-RivES 801 1$bCu-RivES 801 2$bCStRLIN 801 2$bWaOLN 906 $aBOOK 912 $a996384145203316 996 $aA declaration of His Highness, for a collection towards the relief of divers Protestant churches driven out of Poland; and of twenty Protestant families driven out of the confines of Bohemia$92306014 997 $aUNISA